<?xml version="1.0" encoding="UTF-8"?><?xml-stylesheet type="text/xsl" href="static/style.xsl"?><OAI-PMH xmlns="http://www.openarchives.org/OAI/2.0/" xmlns:xsi="http://www.w3.org/2001/XMLSchema-instance" xsi:schemaLocation="http://www.openarchives.org/OAI/2.0/ http://www.openarchives.org/OAI/2.0/OAI-PMH.xsd"><responseDate>2026-04-27T19:55:21Z</responseDate><request verb="GetRecord" identifier="oai:uvadoc.uva.es:10324/7349" metadataPrefix="marc">https://uvadoc.uva.es/oai/request</request><GetRecord><record><header><identifier>oai:uvadoc.uva.es:10324/7349</identifier><datestamp>2021-06-29T10:14:30Z</datestamp><setSpec>com_10324_38</setSpec><setSpec>col_10324_852</setSpec></header><metadata><record xmlns="http://www.loc.gov/MARC21/slim" xmlns:doc="http://www.lyncode.com/xoai" xmlns:xsi="http://www.w3.org/2001/XMLSchema-instance" xmlns:dcterms="http://purl.org/dc/terms/" xsi:schemaLocation="http://www.loc.gov/MARC21/slim http://www.loc.gov/standards/marcxml/schema/MARC21slim.xsd">
<leader>00925njm 22002777a 4500</leader>
<datafield tag="042" ind1=" " ind2=" ">
<subfield code="a">dc</subfield>
</datafield>
<datafield tag="720" ind1=" " ind2=" ">
<subfield code="a">Vega Martínez, Sara</subfield>
<subfield code="e">author</subfield>
</datafield>
<datafield tag="260" ind1=" " ind2=" ">
<subfield code="c">2014</subfield>
</datafield>
<datafield tag="520" ind1=" " ind2=" ">
<subfield code="a">El fenómeno de la delincuencia juvenil se trata de un tema de preocupación social que ha aumentado en los últimos años y sobre el que es necesario que las diferentes instituciones tomen medidas, implementando legislación, programas y actuaciones adecuados a las carencias y necesidades de los menores infractores. Estos jóvenes, entre otras dificultades, poseen un déficit de habilidades sociales que se traduce en un desarrollo inadecuado de sus relaciones sociales con el entorno. Por esto se propone un proyecto de intervención socioeducativa en el ámbito de las habilidades sociales, como superador de estos problemas, para que estos jóvenes logren un bienestar personal y en sus interacciones sociales.</subfield>
</datafield>
<datafield tag="024" ind2=" " ind1="8">
<subfield code="a">http://uvadoc.uva.es/handle/10324/7349</subfield>
</datafield>
<datafield ind1=" " ind2=" " tag="653">
<subfield code="a">Jóvenes marginados sociales -- Educación</subfield>
</datafield>
<datafield ind1=" " ind2=" " tag="653">
<subfield code="a">Jóvenes marginados sociales -- Integración social</subfield>
</datafield>
<datafield tag="245" ind1="0" ind2="0">
<subfield code="a">Proyecto socioeducativo para la mejora de las habilidades sociales en menores infractores</subfield>
</datafield>
</record></metadata></record></GetRecord></OAI-PMH>